Geography Quiz

Random Geography or Food Quiz

Fishy Countries Quiz Stats

 Plays Quiz Updated Aug 12, 2014

Support Sporcle.
Go Orange.
Score 0/30 Timer 06:00
8 Plays Today
Rank Country % Correct
12.Japan
94.8%
29.China
86.7%
11.Norway
77.1%
18.Spain
71.4%
4.South Korea
68.9%
2.Iceland
68.1%
22.Finland
67.6%
24.France
67.6%
6.Portugal
63.9%
28.Vietnam
63.5%
30.Philippines
60.1%
27.Fiji
56.4%
8.Malaysia
56%
13.Singapore
46.9%
15.Samoa
45%
Rank Country % Correct
19.Cambodia
44.4%
5.Seychelles
41.5%
17.Tuvalu
40.7%
1.Maldives
40.7%
23.Solomon Islands
40%
7.Palau
39.8%
14.Micronesia
39.1%
3.Kiribati
38.1%
9.Myanmar
34.9%
20.Barbados
31.6%
21.St. Kitts and Nevis
30.6%
10.Antigua and Barbuda
24.3%
16.Lithuania
16.9%
25.Sierra Leone
6.4%
26.Gabon
5.8%

You're not logged in!

Compare scores with friends on all Sporcle quizzes.
OR
Log In

From the Vault

Ethiopia's Borders

by Daan_Jellyfish

The capital of Ethiopia, Addis Ababa, is really fun to say.
Remove Ads.
Support Sporcle.
Get the best of Sporcle when you Go Orange. This ad-free experience offers more features, more stats, and more fun while also helping to support Sporcle. Thank you for becoming a member.

Show Comments

Extras

Top Quizzes Today


Score Distribution

Your Account Isn't Verified!

In order to create a playlist on Sporcle, you need to verify the email address you used during registration. Go to your Sporcle Settings to finish the process.

Report this User

Report this user for behavior that violates our Community Guidelines.

Details: